[Event "Udine Province-ch"]
[Site "Udine"]
[Date "2006.12.08"]
[Round "4"]
[White "Cerretelli, Roberto"]
[Black "Paiaro, Solivano"]
[Result "1-0"]
[WhiteElo "1557"]
[BlackElo "1320"]
[PlyCount "95"]
[EventDate "2006.12.02"]
[EventType "swiss"]
[EventRounds "6"]
[EventCountry "ITA"]
[SourceTitle "EXT 2011"]
[Source "ChessBase"]
[SourceDate "2010.11.26"]
[SourceVersion "1"]
[SourceVersionDate "2010.11.26"]
[SourceQuality "1"]

1. d4 d5 2. c4 c6 3. Nf3 Bg4 4. Ne5 Bf5 5. cxd5 Qxd5 6. Nc3 Qd8 7. e4 Be6 8. d5 cxd5 9. exd5 Bf5 10. Bb5+ Nd7 11. g4 f6 12. gxf5 fxe5 13. Qh5+ g6 14. fxg6 Ngf6 15. g7+ Nxh5 16. gxh8Q Nhf6 17. Bh6 Kf7 18. Rg1 Bxh6 19. Qxd8 Rxd8 20. Bc4 Nc5 21. Rd1 a6 22. d6+ e6 23. b4 Nce4 24. Nxe4 Nxe4 25. d7 Ke7 26. Rg4 Nd6 27. Bd3 Rh8 28. Rh4 Bg5 29. Rxh7+ Rxh7 30. Bxh7 Kxd7 31. Rd3 Ke7 32. Rg3 Bf4 33. Rh3 b6 34. Bd3 a5 35. bxa5 bxa5 36. Rh7+ Kf6 37. h3 e4 38. Bc2 Ke5 39. Rh5+ Nf5 40. Rh8 Nd4 41. Bb3 e3 42. fxe3 Bxe3 43. Rh5+ Ke4 44. Rxa5 Nf3+ 45. Kd1 e5 46. Bc2+ Kd4 47. Ra3 Nd2 48. Rd3+ 1-0

[Event "Udine Province-ch"]
[Site "Udine"]
[Date "2006.12.02"]
[Round "1"]
[White "Redo, Stefano"]
[Black "Cerretelli, Roberto"]
[Result "1-0"]
[WhiteElo "1931"]
[BlackElo "1557"]
[PlyCount "61"]
[EventDate "2006.12.02"]
[EventType "swiss"]
[EventRounds "6"]
[EventCountry "ITA"]
[SourceTitle "EXT 2011"]
[Source "ChessBase"]
[SourceDate "2010.11.26"]
[SourceVersion "1"]
[SourceVersionDate "2010.11.26"]
[SourceQuality "1"]

1. e4 g6 2. d4 Bg7 3. Nf3 d6 4. Bc4 f5 5. e5 d5 6. Bd3 Nh6 7. c4 c6 8. Nc3 a6 9. Qb3 e6 10. Bg5 Qa5 11. Bd2 Qd8 12. cxd5 cxd5 13. Na4 Nd7 14. Ng5 Nf8 15. Nb6 Rb8 16. Rc1 Nf7 17. Nxc8 Rxc8 18. Nxf7 Rxc1+ 19. Bxc1 Kxf7 20. Qxb7+ Kg8 21. Qxa6 Qh4 22. Qb6 h5 23. a4 Bxe5 24. dxe5 Qxa4 25. 0-0 Rh7 26. Bg5 Qg4 27. h4 f4 28. f3 Qg3 29. Bxg6 Rg7 30. Bxh5 Rh7 31. Bg4 1-0